Pi Agile - Statistics

General Stats
  • This quiz has been taken 1,257 times
  • The average score is 22 of 50
Answer Stats
# Digit % Correct
1 3
98%
2 1
96%
3 4
96%
4 1
93%
5 5
90%
6 9
85%
7 2
81%
8 6
77%
9 5
73%
10 3
66%
11 5
60%
12 8
58%
13 9
56%
16 3
52%
14 7
52%
15 9
52%
17 2
50%
18 3
48%
20 4
45%
19 8
45%
22 2
42%
21 6
42%
23 6
40%
24 4
38%
25 3
37%
26 3
36%
27 8
35%
28 3
33%
29 2
30%
30 7
29%
31 9
28%
33 0
27%
32 5
27%
34 2
26%
35 8
25%
36 8
25%
38 1
22%
37 4
22%
41 1
20%
40 7
20%
39 9
20%
44 3
19%
42 6
19%
43 9
19%
45 9
19%
46 9
19%
47 3
18%
50 1
16%
49 5
16%
48 7
16%
No matching quizzes found
Score Distribution
Percent of People with Each Score
Percentile by Number Answered
Your Score History
You have not taken this quiz